|
|
|
|
| LEADER |
00000nam a2200000 a 4500 |
| 001 |
vtls001329026 |
| 003 |
SK-MaSNL |
| 005 |
20260301160151.0 |
| 008 |
240313s1998 xo a r slo |
| 015 |
|
|
|a SNBA1998/08-02925
|
| 020 |
|
|
|a 8071581623
|
| 035 |
|
|
|a SNK000281863
|
| 035 |
|
|
|a urn:nbn:sk:snk-amtjkt
|
| 035 |
|
|
|a urn:nbn:sk:snk-am00c8aq
|
| 035 |
|
|
|a AA513148-E89F-4E77-BC13-E715CA6DA895
|
| 040 |
|
|
|a SNK
|b slo
|c SNK
|e AACR2
|
| 041 |
0 |
|
|a slo
|
| 044 |
|
|
|a xo
|c SK
|
| 080 |
|
|
|a 372.47(075.2)(076.5)
|2 1981
|
| 100 |
1 |
|
|a Bero, Peter,
|d 1950-
|4 aut
|9 215146
|
| 245 |
1 |
|
|a Matematika pre 4. ročník ZŠ. Pracovný zošit
|n 2
|c [Peter Bero, Zuzana Pytlová ; ilustroval Miroslav Regitko]
|
| 260 |
|
|
|a Bratislava
|b Orbis Pictus Istropolitana
|c 1998
|
| 300 |
|
|
|a 80 s.
|b fareb. ilustr.
|c 30 cm
|
| 500 |
|
|
|a Ilustr. na tit. strane
|
| 500 |
|
|
|a Údaj o aut. a ilustr. prevzatý z obalu
|
| 650 |
0 |
7 |
|a matematika
|x učebnice zákl. škôl (4. roč.)
|x zošity pracovné
|2 SNK
|9 286560
|
| 655 |
|
7 |
|a učebnice
|2 SNK
|9 22521
|
| 700 |
1 |
|
|a Pytlová, Zuzana
|4 aut
|9 18966
|
| 700 |
1 |
|
|a Regitko, Miroslav,
|d 1965-
|4 ill
|9 214883
|
| 919 |
|
|
|a 80-7158-162-3
|
| 958 |
|
|
|a TL
|
| 958 |
|
|
|a UX
|
| 999 |
|
|
|c 804322
|d 806252
|
| 952 |
|
|
|t P60, <09>, [BOOK], {629}
|a SNK
|b SNK
|y NEVYP
|7 0
|o snkB 229
|i snk803/980428
|0 0
|1 0
|4 0
|d 1998-04-27
|l 0
|r 2005-01-02 00:00:00
|w 2026-02-24
|
| 952 |
|
|
|t P60, <03>, [BOOK], {603}
|a SNK
|b SNK
|y PREZ
|7 0
|p 17A0134884
|o snkSB 57810/2
|i snkKSP 4590/98
|0 0
|1 0
|4 0
|d 1998-04-27
|f 1
|l 0
|r 2025-04-07 00:00:00
|w 2026-02-24
|
| 952 |
|
|
|t P60, <04>, [BOOK], {604}
|a SNK
|b SNK
|y VYP
|7 0
|p 17A0134885
|o snkSB 57810/2 D1
|i snkKSP 4591/98
|0 0
|1 0
|4 0
|d 1998-04-27
|l 0
|r 2005-01-02 00:00:00
|w 2026-02-24
|